[Event "Lynskak DM 2023"]
[Site "Hvidovre"]
[Date "2023.05.14"]
[Round "1.1"]
[White "Thorsbro, Peter"]
[Black "Andersen, Mads"]
[Result "0-1"]
[WhiteElo "2165"]
[BlackElo "2615"]
[PlyCount "58"]
[EventDate "2023.05.14"]
[EventType "swiss"]
[EventRounds "13"]
[EventCountry "DEN"]
[SourceTitle "Live v. Kasper Jerwiarz"]

1. d4 d5 2. Nf3 c5 3. g3 cxd4 4. Bg2 Nf6 5. b3 h5 6. Bb2 h4 7. Nxh4 e5 8. O-O
Nc6 9. c3 e4 10. Qd2 g5 11. Qxg5 Bh6 12. Qf5 Bxf5 13. Nxf5 Bf8 14. cxd4 Qd7 15.
Ne3 Bh6 16. Nc2 Rc8 17. e3 Bf8 18. Nd2 Nb4 19. Nxb4 Bxb4 20. Nb1 Rc2 21. Ba3 a5
22. Bxb4 axb4 23. a3 O-O 24. axb4 Rfc8 25. Na3 Rb2 26. Rab1 Rxb1 27. Nxb1 Qb5
28. f3 Qxb4 29. fxe4 Nxe4 0-1

[Event "Lynskak DM 2023"]
[Site "Hvidovre"]
[Date "2023.05.14"]
[Round "1.2"]
[White "Thybo, Jesper Sondergaard"]
[Black "Pedersen, Jan Nordenbaek"]
[Result "1-0"]
[WhiteElo "2509"]
[BlackElo "2148"]
[PlyCount "45"]
[EventDate "2023.05.14"]
[EventType "swiss"]
[EventRounds "13"]
[EventCountry "DEN"]
[SourceTitle "Live v. Kasper Jerwiarz"]

1. Nf3 Nf6 2. g3 g6 3. Bg2 Bg7 4. c4 O-O 5. Nc3 d6 6. d4 c5 7. O-O Nc6 8. dxc5
dxc5 9. Be3 Be6 10. Qa4 Qa5 11. Qb5 Qb4 12. Bxc5 Qxc4 13. Qxc4 Bxc4 14. Nd4
Nxd4 15. Bxd4 Rfd8 16. Rfd1 e6 17. Bxb7 Rab8 18. Bf3 Rxb2 19. Ne4 Nxe4 20. Bxb2
Rxd1+ 21. Rxd1 Bxb2 22. Bxe4 Bxe2 23. Rd2 1-0

[Event "Lynskak DM 2023"]
[Site "Hvidovre"]
[Date "2023.05.14"]
[Round "1.3"]
[White "Christensen, Janus"]
[Black "Olsen, Filip Boe"]
[Result "0-1"]
[WhiteElo "2141"]
[BlackElo "2435"]
[PlyCount "50"]
[EventDate "2023.05.14"]
[EventType "swiss"]
[EventRounds "13"]
[EventCountry "DEN"]
[SourceTitle "Live v. Kasper Jerwiarz"]

1. e4 c6 2. d4 d5 3. f3 e6 4. Nc3 Bb4 5. Bf4 Nf6 6. Qd3 b5 7. Nge2 Ba6 8. Qe3
Be7 9. Ng3 Qa5 10. Bd3 c5 11. e5 cxd4 12. Qxd4 Nc6 13. Qf2 Nd7 14. O-O Bc5 15.
Be3 d4 16. Nh5 dxe3 17. Qe2 Nd4 18. Qe1 g6 19. Nf6+ Nxf6 20. exf6 e2 21. Rf2
Nf5 22. Bxf5 gxf5 23. Qxe2 Bxf2+ 24. Kxf2 Qb6+ 25. Ke1 Qg1+ 0-1

[Event "Lynskak DM 2023"]
[Site "Hvidovre"]
[Date "2023.05.14"]
[Round "1.4"]
[White "Skytte, Rasmus"]
[Black "Jarlskov, Daniel Tuk Hartso"]
[Result "1-0"]
[WhiteElo "2430"]
[BlackElo "2023"]
[PlyCount "41"]
[EventDate "2023.05.14"]
[EventType "swiss"]
[EventRounds "13"]
[EventCountry "DEN"]
[SourceTitle "Live v. Kasper Jerwiarz"]

1. e4 c6 2. c4 d5 3. cxd5 cxd5 4. exd5 Nf6 5. Nc3 Nxd5 6. Nf3 Nc6 7. Bb5 Nxc3
8. bxc3 Bg4 9. h3 Bxf3 10. Qxf3 Qc7 11. d4 e6 12. O-O Bd6 13. d5 exd5 14. Re1+
Be7 15. Bf4 Qd8 16. Bxc6+ bxc6 17. Qe3 Kf8 18. Rad1 Bf6 19. c4 d4 20. Qa3+ Be7
21. Rxe7 1-0

[Event "Lynskak DM 2023"]
[Site "Hvidovre"]
[Date "2023.05.14"]
[Round "1.6"]
[White "Hoi, Carsten"]
[Black "Eriksson, Christian Altenburg"]
[Result "1/2-1/2"]
[WhiteElo "2333"]
[BlackElo "2151"]
[PlyCount "43"]
[EventDate "2023.05.14"]
[EventType "swiss"]
[EventRounds "13"]
[EventCountry "DEN"]
[SourceTitle "Live v. Kasper Jerwiarz"]

1. d4 d5 2. Nf3 Nf6 3. c4 dxc4 4. e3 e6 5. Bxc4 c5 6. O-O a6 7. b3 Nbd7 8. Bb2
b5 9. Be2 Bb7 10. Nbd2 Be7 11. a4 Qb6 12. axb5 axb5 13. Rxa8+ Bxa8 14. Qc2 O-O
15. Rc1 Nd5 16. dxc5 Bxc5 17. Ne4 Be7 18. Bd4 Qb7 19. Neg5 g6 20. Bf1 Bf6 21.
Bxf6 N7xf6 22. Nh3 1/2-1/2

[Event "Lynskak DM 2023"]
[Site "Hvidovre"]
[Date "2023.05.14"]
[Round "1.7"]
[White "Roder, Peter Ulrik"]
[Black "Boe, Mads"]
[Result "0-1"]
[WhiteElo "1998"]
[BlackElo "2283"]
[PlyCount "86"]
[EventDate "2023.05.14"]
[EventType "swiss"]
[EventRounds "13"]
[EventCountry "DEN"]
[SourceTitle "Live v. Kasper Jerwiarz"]

1. e4 c6 2. d4 d5 3. exd5 cxd5 4. Nf3 Nf6 5. Bf4 Nc6 6. c3 Bg4 7. Bd3 e6 8. O-O
Bd6 9. Bxd6 Qxd6 10. Nbd2 O-O 11. Re1 Rab8 12. h3 Bh5 13. Qc2 Rfc8 14. a3 b5
15. Qb3 Na5 16. Qa2 Nc4 17. Bxc4 bxc4 18. Ne5 Rb7 19. b4 cxb3 20. Nxb3 Ne4 21.
Rac1 Rbc7 22. Qb2 Nxc3 23. Nc5 Ne4 24. Nxe4 dxe4 25. Rxc7 Qxc7 26. Qb4 f6 27.
Ng4 Bf7 28. Ne3 Qc3 29. Qxc3 Rxc3 30. Rb1 g5 31. Rb8+ Kg7 32. Rb7 a5 33. Ra7
Rxa3 34. Nc4 Ra1+ 35. Kh2 Kg6 36. Rxa5 Rxa5 37. Nxa5 Kg7 38. Nc6 Kf8 39. Kg3
Ke8 40. Nb4 Ke7 41. Nc2 Kd6 42. f3 exf3 43. Kxf3 Kd5 0-1

[Event "Lynskak DM 2023"]
[Site "Hvidovre"]
[Date "2023.05.14"]
[Round "1.8"]
[White "Nielsen, Viktor Haarmark"]
[Black "Nielsen, Jan Mose"]
[Result "1-0"]
[WhiteElo "2335"]
[BlackElo "2009"]
[PlyCount "132"]
[EventDate "2023.05.14"]
[EventType "swiss"]
[EventRounds "13"]
[EventCountry "DEN"]
[SourceTitle "Live v. Kasper Jerwiarz"]

1. e4 c5 2. Nf3 d6 3. d4 cxd4 4. Nxd4 Nf6 5. f3 g6 6. c4 Bg7 7. Nc3 a6 8. Be3
Bd7 9. Be2 Nc6 10. O-O O-O 11. Qd2 Rc8 12. Rac1 Nxd4 13. Bxd4 Bc6 14. b4 Bd7
15. Rfd1 Be6 16. Nd5 Bxd5 17. exd5 Qd7 18. Re1 Rfe8 19. Bf1 h5 20. Kh1 Qf5 21.
Bd3 Qd7 22. Bf1 h4 23. Qf4 Qa4 24. Qd2 Qd7 25. a3 Qf5 26. Bd3 Qh5 27. Qf4 h3
28. g4 Qh8 29. Rcd1 Nd7 30. Bxg7 Qxg7 31. Bf1 Ne5 32. c5 g5 33. Qe4 Qf6 34. Be2
dxc5 35. bxc5 Rxc5 36. Rf1 Rc3 37. f4 Nd7 38. fxg5 Qxg5 39. Rf5 Qe3 40. Qxe3
Rxe3 41. Bf1 f6 42. Rh5 Ne5 43. Rxh3 Rxh3 44. Bxh3 Kg7 45. Rb1 b5 46. g5 Rb8
47. Be6 Rb6 48. gxf6+ Kxf6 49. Rf1+ Kg7 50. Kg2 b4 51. axb4 Rxb4 52. Ra1 Rb2+
53. Kg3 Rb3+ 54. Kf4 Kf6 55. Rxa6 Rf3+ 56. Ke4 Rf2 57. Bc8+ Kg7 58. Kxe5 Rxh2
59. Be6 Re2+ 60. Kd4 Rd2+ 61. Kc5 Kf6 62. Ra8 Rc2+ 63. Kb6 Ke5 64. Rf8 Rb2+ 65.
Kc6 Rc2+ 66. Kd7 Ke4 1-0

[Event "Lynskak DM 2023"]
[Site "Hvidovre"]
[Date "2023.05.14"]
[Round "1.9"]
[White "Simonsen, Jesper"]
[Black "Sylvan, Jacob"]
[Result "0-1"]
[WhiteElo "2108"]
[BlackElo "2325"]
[PlyCount "117"]
[EventDate "2023.05.14"]
[EventType "swiss"]
[EventRounds "13"]
[EventCountry "DEN"]
[SourceTitle "Live v. Kasper Jerwiarz"]

1. d4 Nf6 2. Nf3 g6 3. Bf4 Bg7 4. e3 d6 5. h3 O-O 6. c4 Nbd7 7. Nc3 c6 8. Be2
a6 9. O-O b5 10. Rc1 b4 11. Na4 c5 12. b3 Bb7 13. Nb2 Ne4 14. Qc2 Nc3 15. Nd3
Qa5 16. a4 Be4 17. Qd2 Rad8 18. Ng5 Nxe2+ 19. Qxe2 Bb7 20. d5 h6 21. Nf3 Qb6
22. e4 e5 23. dxe6 fxe6 24. Bg3 e5 25. Rcd1 Nf6 26. Nd2 Nh5 27. Bh2 Qc6 28. f3
Nf4 29. Nxf4 exf4 30. Kh1 g5 31. Bg1 Be5 32. Rfe1 Bc8 33. Nf1 Qe8 34. Nh2 h5
35. Rd2 Qg6 36. Red1 Rd7 37. Bxc5 Rdd8 38. Bb6 Rd7 39. c5 g4 40. fxg4 hxg4 41.
Qxg4 Rg7 42. Qxg6 Rxg6 43. cxd6 Bd7 44. Ng4 Bc3 45. Rd3 Kf7 46. Bd4 Bxg4 47.
hxg4 Bxd4 48. Rxd4 Rxg4 49. d7 Rd8 50. e5 Ke7 51. Rd6 Rg3 52. R1d3 Rg5 53. Kg1
Rxe5 54. Rh6 Re3 55. Rxe3+ fxe3 56. Rh7+ Ke6 57. Kf1 Kd6 58. Ke2 Kc7 59. Kf3
0-1

[Event "Lynskak DM 2023"]
[Site "Hvidovre"]
[Date "2023.05.14"]
[Round "1.10"]
[White "Hansen, Jacob Ost"]
[Black "Skovgaard, Tom"]
[Result "1-0"]
[WhiteElo "2338"]
[BlackElo "1963"]
[PlyCount "99"]
[EventDate "2023.05.14"]
[EventType "swiss"]
[EventRounds "13"]
[EventCountry "DEN"]
[SourceTitle "Live v. Kasper Jerwiarz"]

1. g3 d5 2. Nf3 Nf6 3. Bg2 Bg4 4. O-O e6 5. d3 Be7 6. Nbd2 O-O 7. c4 c6 8. b3
Nbd7 9. Bb2 a5 10. a3 Re8 11. Rc1 Rc8 12. Re1 Bf8 13. Qc2 b5 14. h3 Bh5 15. Qb1
Qb6 16. Qa1 a4 17. cxb5 cxb5 18. b4 Qb8 19. g4 Bg6 20. Ne5 Nxe5 21. Bxe5 Qb7
22. Nf3 Nd7 23. Bd4 Rxc1 24. Rxc1 Rc8 25. Ne5 Nxe5 26. Bxe5 Rc6 27. Rc3 Qc8 28.
Qc1 Rxc3 29. Qxc3 Qxc3 30. Bxc3 f6 31. f4 Be8 32. f5 Bd7 33. fxe6 Bxe6 34. Bd4
Kf7 35. e4 dxe4 36. Bxe4 Bd7 37. Kf2 Bd6 38. Kf3 h6 39. Bd5+ Ke7 40. Ke4 g5 41.
Bb7 Bf4 42. Bb2 Kd6 43. Bd5 Bc6 44. Bxc6 Kxc6 45. Kf5 Bc7 46. Kxf6 Kd5 47. Kf5
Bd6 48. Kg6 Bf8 49. Kf7 Bd6 50. Kg7 1-0

[Event "Lynskak DM 2023"]
[Site "Hvidovre"]
[Date "2023.05.14"]
[Round "2.1"]
[White "Andersen, Mads"]
[Black "Lauridsen, Jesper Morch"]
[Result "0-1"]
[WhiteElo "2615"]
[BlackElo "2309"]
[PlyCount "56"]
[EventDate "2023.05.14"]
[EventType "swiss"]
[EventRounds "13"]
[EventCountry "DEN"]
[SourceTitle "Live v. Kasper Jerwiarz"]

1. e4 e6 2. d4 d5 3. e5 c5 4. c3 Nc6 5. Nf3 Bd7 6. Be2 Qb6 7. O-O Rc8 8. dxc5
Qxc5 9. b4 Qb6 10. Be3 Qc7 11. Na3 Nxe5 12. Nxe5 Qxe5 13. Bd4 Qb8 14. Re1 Nf6
15. g3 Ne4 16. Rc1 e5 17. f3 exd4 18. fxe4 Bd6 19. Qxd4 O-O 20. exd5 Bxg3 21.
hxg3 Qxg3+ 22. Kh1 Qh3+ 23. Kg1 Qg3+ 24. Kh1 Rc6 25. Qd2 Qh3+ 26. Kg1 Rg6+ 27.
Kf2 Rg2+ 28. Kf1 Qh1# 0-1

[Event "Lynskak DM 2023"]
[Site "Hvidovre"]
[Date "2023.05.14"]
[Round "2.2"]
[White "Jaksland, Tim"]
[Black "Thybo, Jesper Sondergaard"]
[Result "0-1"]
[WhiteElo "2117"]
[BlackElo "2509"]
[PlyCount "65"]
[EventDate "2023.05.14"]
[EventType "swiss"]
[EventRounds "13"]
[EventCountry "DEN"]
[SourceTitle "Live v. Kasper Jerwiarz"]

1. e4 e5 2. Nf3 Nc6 3. Bc4 Bc5 4. c3 Nf6 5. d3 d6 6. Nbd2 h6 7. Nf1 O-O 8. Be3
Bb6 9. Bb3 d5 10. exd5 Nxd5 11. Bxb6 axb6 12. Ng3 Nf4 13. O-O Qxd3 14. Bc2 Qxd1
15. Rfxd1 Bg4 16. Be4 f6 17. h3 Be6 18. a3 Rfd8 19. Nf5 Kf7 20. Ne3 Bb3 21.
Rxd8 Rxd8 22. Re1 Nd3 23. Bxd3 Rxd3 24. Re2 Na5 25. Rd2 Rxd2 26. Nxd2 Be6 27.
Kf1 f5 28. Ke2 g5 29. Kd3 Nc6 30. b4 e4+ 31. Ke2 b5 32. Nc2 Kf6 33. Nd4 0-1

[Event "Lynskak DM 2023"]
[Site "Hvidovre"]
[Date "2023.05.14"]
[Round "2.3"]
[White "Olsen, Filip Boe"]
[Black "Larsen, Karsten"]
[Result "0-1"]
[WhiteElo "2435"]
[BlackElo "2208"]
[PlyCount "112"]
[EventDate "2023.05.14"]
[EventType "swiss"]
[EventRounds "13"]
[EventCountry "DEN"]
[SourceTitle "Live v. Kasper Jerwiarz"]

1. d4 d5 2. Nf3 Nf6 3. Bf4 g6 4. e3 Bg7 5. h3 O-O 6. Nbd2 b6 7. Bd3 Bb7 8. O-O
c5 9. c3 Nc6 10. a4 Nd7 11. Qe2 e5 12. dxe5 Ndxe5 13. Bb5 a6 14. Bxc6 Nxc6 15.
Rfd1 Qe7 16. Nb3 Rad8 17. Bg5 f6 18. Bf4 Rfe8 19. Qf1 Ne5 20. Nxe5 fxe5 21. Bg3
c4 22. Nd2 e4 23. Nb1 Rf8 24. Na3 g5 25. Qe2 Qf7 26. Nc2 h5 27. a5 b5 28. Nb4
h4 29. Bh2 Rd7 30. Rd2 Rfd8 31. Rad1 Qe6 32. Qg4 Qxg4 33. hxg4 Kf7 34. Kf1 Ke6
35. Ke2 Bf8 36. Nc2 Bg7 37. Nb4 Bf8 38. Nc2 Bg7 39. Rh1 Rf8 40. g3 h3 41. Bg1
Rh8 42. Rh2 Rf7 43. Nb4 Bf8 44. Nc2 Bg7 45. Nb4 Bf8 46. Nc2 Bc5 47. Ke1 Ke5 48.
Ke2 Bc8 49. Ke1 Bxg4 50. Nb4 Bxb4 51. cxb4 Bf3 52. Rc2 g4 53. Rc3 d4 54. exd4+
Kxd4 55. Re3 Rd7 56. Rc3 Rhd8 0-1

[Event "Lynskak DM 2023"]
[Site "Hvidovre"]
[Date "2023.05.14"]
[Round "2.4"]
[White "Kistrup, Nicolai"]
[Black "Skytte, Rasmus"]
[Result "1/2-1/2"]
[WhiteElo "2300"]
[BlackElo "2430"]
[PlyCount "127"]
[EventDate "2023.05.14"]
[EventType "swiss"]
[EventRounds "13"]
[EventCountry "DEN"]
[SourceTitle "Live v. Kasper Jerwiarz"]

1. d4 Nf6 2. c4 c5 3. d5 b5 4. cxb5 a6 5. bxa6 g6 6. Nc3 Bg7 7. e4 Qa5 8. Bd2
O-O 9. Nf3 Bxa6 10. Be2 Bxe2 11. Qxe2 Qb4 12. O-O d6 13. Rfb1 Nbd7 14. a3 Qb3
15. Be1 Rfb8 16. Nd2 Qc2 17. Qd1 Qxd1 18. Nxd1 Ne5 19. b3 Nd3 20. Ne3 Nh5 21.
Ra2 Nb4 22. Raa1 Bxa1 23. Rxa1 Nf4 24. Kf1 Nbd3 25. g3 Nxe1 26. Kxe1 Nd3+ 27.
Ke2 Ne5 28. f4 Nd7 29. Nec4 f5 30. exf5 gxf5 31. Kd3 Nf6 32. Ne3 Ne4 33. Nxf5
Nxd2 34. Kxd2 Rxb3 35. Nxe7+ Kf8 36. Nf5 Raxa3 37. Rxa3 Rxa3 38. Nxd6 Ra2+ 39.
Kd3 Rxh2 40. Kc4 Rc2+ 41. Kb5 Rc3 42. Ne4 Re3 43. Nxc5 Rxg3 44. d6 Rg1 45. Kc6
h5 46. d7 Ke7 47. Kc7 Rd1 48. f5 h4 49. f6+ Kxf6 50. d8=Q+ Rxd8 51. Kxd8 Ke5
52. Nd3+ Ke4 53. Nf2+ Kf3 54. Nh3 Kg3 55. Ng5 Kg4 56. Ne4 Kf4 57. Nf2 Kf3 58.
Nh3 Kg3 59. Ng5 Kf4 60. Nh3+ Kg3 61. Ng5 Kg4 62. Ne4 Kf3 63. Ng5+ Kg4 64. Ne4
1/2-1/2

[Event "Lynskak DM 2023"]
[Site "Hvidovre"]
[Date "2023.05.14"]
[Round "2.5"]
[White "Fedder, Steen"]
[Black "Loftgaard, Mikkel Vinh"]
[Result "1-0"]
[WhiteElo "2380"]
[BlackElo "2244"]
[PlyCount "69"]
[EventDate "2023.05.14"]
[EventType "swiss"]
[EventRounds "13"]
[EventCountry "DEN"]
[SourceTitle "Live v. Kasper Jerwiarz"]

1. d4 Nf6 2. c4 e6 3. g3 d5 4. Nf3 Bb4+ 5. Bd2 Be7 6. Bg2 O-O 7. Qc2 Nbd7 8.
O-O b6 9. Nc3 c6 10. e4 dxe4 11. Nxe4 Bb7 12. Ne5 Nxe5 13. dxe5 Nxe4 14. Bxe4
h6 15. Rad1 Qc7 16. Bc3 c5 17. Rd2 Rfd8 18. Rfd1 Bg5 19. f4 Be7 20. Kf2 Kf8 21.
Bxb7 Qxb7 22. Qh7 Rxd2+ 23. Rxd2 Ke8 24. Qxg7 Bf8 25. Qf6 Qh1 26. Qh4 Qe4 27.
Qh5 Qxc4 28. Qf3 Qd5 29. Rxd5 exd5 30. Qxd5 Rd8 31. Qc6+ Rd7 32. f5 Kd8 33. e6
fxe6 34. fxe6 Rd6 35. Bf6+ 1-0

[Event "Lynskak DM 2023"]
[Site "Hvidovre"]
[Date "2023.05.14"]
[Round "2.6"]
[White "Boe, Mads"]
[Black "Ostergaard, Jens"]
[Result "1-0"]
[WhiteElo "2283"]
[BlackElo "2278"]
[PlyCount "91"]
[EventDate "2023.05.14"]
[EventType "swiss"]
[EventRounds "13"]
[EventCountry "DEN"]
[SourceTitle "Live v. Kasper Jerwiarz"]

1. d4 Nf6 2. Nf3 g6 3. Bg5 Bg7 4. e3 O-O 5. Bd3 d6 6. O-O h6 7. Bh4 c6 8. c3
Nbd7 9. Nbd2 e5 10. e4 g5 11. Bg3 Nh5 12. dxe5 Nxg3 13. hxg3 dxe5 14. b4 Qe7
15. Nc4 Nb6 16. Ne3 Be6 17. Qe2 Rfd8 18. Bc2 c5 19. a3 Rac8 20. b5 c4 21. Rfd1
Rxd1+ 22. Bxd1 Rd8 23. Bc2 Bf6 24. a4 Kg7 25. Nh2 h5 26. Qxh5 Rh8 27. Qe2 Qc5
28. g4 Nd7 29. Nhf1 Nf8 30. Ng3 Ng6 31. Ngf5+ Bxf5 32. Nxf5+ Kf8 33. g3 Ne7 34.
Ne3 Qc8 35. Qxc4 Kg7 36. Bb3 Qxc4 37. Bxc4 Rd8 38. Rd1 Rc8 39. Rd3 Rc5 40. Bd5
b6 41. c4 Rc8 42. Kf1 Kf8 43. Ke2 Rc7 44. Kd2 Ke8 45. Kc3 Nc8 46. Nf5 1-0

[Event "Lynskak DM 2023"]
[Site "Hvidovre"]
[Date "2023.05.14"]
[Round "2.7"]
[White "Pedersen, Daniel Vesterbaek"]
[Black "Nielsen, Viktor Haarmark"]
[Result "1-0"]
[WhiteElo "2212"]
[BlackElo "2335"]
[PlyCount "111"]
[EventDate "2023.05.14"]
[EventType "swiss"]
[EventRounds "13"]
[EventCountry "DEN"]
[SourceTitle "Live v. Kasper Jerwiarz"]

1. e4 e5 2. Nf3 Nc6 3. Nc3 Nf6 4. g3 Bc5 5. Bg2 a6 6. O-O d6 7. d3 O-O 8. h3 h6
9. Be3 Re8 10. d4 exd4 11. Nxd4 Ne5 12. Qe2 Ng6 13. Rad1 Qe7 14. f4 Bb4 15. f5
Nf8 16. Bf4 Bxc3 17. bxc3 Nxe4 18. Rfe1 d5 19. Qg4 Qf6 20. c4 c5 21. Nb3 Bxf5
22. Qf3 dxc4 23. Na5 b5 24. Nb7 Re6 25. Rd5 Bh7 26. Red1 Nc3 27. Nxc5 Nxd1 28.
Nxe6 fxe6 29. Rxd1 Bxc2 30. Rc1 Rd8 31. Rxc2 Ng6 32. Bc7 Qxf3 33. Bxf3 Rd3 34.
Kf2 e5 35. Ke2 Rd7 36. Bb6 Ne7 37. Rd2 Rxd2+ 38. Kxd2 Kf7 39. Bb7 b4 40. Bxa6
Kf6 41. Bxc4 Nf5 42. Bf2 Nd6 43. Bd3 e4 44. Bc2 Ke5 45. Be3 g5 46. Bc5 Nc4+ 47.
Ke2 Na3 48. Bb3 Nb5 49. Bxb4 Nd4+ 50. Ke3 Nf5+ 51. Kf2 e3+ 52. Kf3 Kd4 53. Ba5
Kd3 54. Bd1 Nd4+ 55. Kg4 Ne2 56. Bxe2+ 1-0

[Event "Lynskak DM 2023"]
[Site "Hvidovre"]
[Date "2023.05.14"]
[Round "2.8"]
[White "Sylvan, Jacob"]
[Black "Meskenas, Paulius"]
[Result "0-1"]
[WhiteElo "2325"]
[BlackElo "2159"]
[PlyCount "148"]
[EventDate "2023.05.14"]
[EventType "swiss"]
[EventRounds "13"]
[EventCountry "DEN"]
[SourceTitle "Live v. Kasper Jerwiarz"]

1. d4 Nf6 2. Nf3 d5 3. g3 g6 4. Bg2 Bg7 5. O-O O-O 6. c4 c6 7. cxd5 cxd5 8. Nc3
Nc6 9. Ne5 Bf5 10. Nxc6 bxc6 11. Na4 Qa5 12. Bd2 Qb5 13. Rc1 Nd7 14. b3 Bxd4
15. Bh6 Bg7 16. Bxg7 Kxg7 17. Nc5 e5 18. e4 Nxc5 19. exf5 Nd3 20. Rc3 e4 21.
Qd2 Qb6 22. Kh1 Ne5 23. f6+ Kxf6 24. Qh6 Ke7 25. f3 exf3 26. Bxf3 Qd4 27. Re3
Kd6 28. Bd1 Rae8 29. Qg5 f6 30. Qh6 Rf7 31. Ree1 Ree7 32. Qh3 Kc7 33. Qg2 Nd3
34. Rxe7+ Rxe7 35. Qd2 f5 36. Bf3 Re3 37. Bg2 Qe5 38. Qa5+ Kd6 39. Qxa7 Qe7 40.
Qb8+ Ke6 41. Qg8+ Kd7 42. a4 Re1 43. h3 Rxf1+ 44. Bxf1 Nf2+ 45. Kg1 Qe3 46.
Qxh7+ Kc8 47. Kg2 Ne4 48. Ba6+ Kd8 49. Qg8+ Kc7 50. Qf7+ Kd6 51. Qf8+ Ke5 52.
Qg7+ Kd6 53. Qf8+ Kc7 54. Qe7+ Kb6 55. Qb7+ Ka5 56. b4+ Kxa4 57. Qxc6+ Ka3 58.
Qc2 Qxg3+ 59. Kf1 Qxh3+ 60. Ke1 Qh1+ 61. Ke2 Qg2+ 62. Kd3 Qxc2+ 63. Kxc2 Kxb4
64. Bb7 Kc5 65. Kd3 g5 66. Bc8 f4 67. Ke2 Kd4 68. Kf3 Nd2+ 69. Kg4 Ke3 70. Kxg5
f3 71. Bh3 d4 72. Kf5 d3 73. Ke5 f2 74. Kd5 f1=Q 0-1

[Event "Lynskak DM 2023"]
[Site "Hvidovre"]
[Date "2023.05.14"]
[Round "2.9"]
[White "Nielsen, Lars Aaes"]
[Black "Hansen, Jacob Ost"]
[Result "0-1"]
[WhiteElo "2189"]
[BlackElo "2338"]
[PlyCount "90"]
[EventDate "2023.05.14"]
[EventType "swiss"]
[EventRounds "13"]
[EventCountry "DEN"]
[SourceTitle "Live v. Kasper Jerwiarz"]

1. e4 c5 2. c3 d5 3. exd5 Qxd5 4. d4 Nf6 5. Nf3 e6 6. Be2 Nc6 7. Na3 Qd8 8. Nc2
b6 9. Be3 cxd4 10. Ncxd4 Bd7 11. Bb5 Nxd4 12. Nxd4 a6 13. Bxd7+ Qxd7 14. Nf3 b5
15. O-O Nd5 16. Bd4 f6 17. Re1 Kf7 18. a4 Bd6 19. axb5 axb5 20. Rxa8 Rxa8 21.
Qb3 Qc6 22. h3 g6 23. Nd2 Ra4 24. Ne4 Be7 25. Qd1 e5 26. Be3 Nxe3 27. Rxe3 Rxe4
28. Rxe4 Qxe4 29. Qb3+ Qc4 30. Qd1 b4 31. cxb4 Qxb4 32. Qd5+ Kf8 33. g3 h5 34.
Kg2 Qd4 35. Qa8+ Kg7 36. Qb7 Qd6 37. b3 f5 38. h4 Kf6 39. Qa8 Ke6 40. Qg8+ Kf6
41. Qh8+ Kf7 42. Qh7+ Ke8 43. Qg8+ Kd7 44. Qc4 Qc6+ 45. Qxc6+ Kxc6 0-1

[Event "Lynskak DM 2023"]
[Site "Hvidovre"]
[Date "2023.05.14"]
[Round "2.10"]
[White "Thorsbro, Peter"]
[Black "Hoi, Carsten"]
[Result "0-1"]
[WhiteElo "2165"]
[BlackElo "2333"]
[PlyCount "128"]
[EventDate "2023.05.14"]
[EventType "swiss"]
[EventRounds "13"]
[EventCountry "DEN"]
[SourceTitle "Live v. Kasper Jerwiarz"]

1. d4 g6 2. c4 Bg7 3. Nc3 d6 4. e4 Nc6 5. Nf3 Bg4 6. Be3 e5 7. dxe5 dxe5 8. Be2
Bxf3 9. Bxf3 Qxd1+ 10. Bxd1 Nd4 11. O-O c6 12. f4 exf4 13. Bxf4 Ne7 14. Rc1 Rd8
15. b3 O-O 16. Ne2 Nxe2+ 17. Bxe2 c5 18. e5 Nc6 19. Bf3 Nd4 20. Rce1 Nxf3+ 21.
Rxf3 Rfe8 22. Rfe3 Re6 23. Kf2 h6 24. h3 Kf8 25. Kf3 Ke8 26. R1e2 Rd1 27. Kf2
Kd7 28. Re1 Rxe1 29. Kxe1 Kc6 30. Kd2 Re8 31. Ke2 a6 32. g4 b5 33. Kd3 Rd8+ 34.
Kc3 Rd4 35. Bg3 Kd7 36. Kc2 bxc4 37. Be1 Ke6 38. Bc3 cxb3+ 39. axb3 Rd5 40. b4
cxb4 41. Bxb4 Rxe5 42. Rd3 Rb5 43. Rd6+ Ke5 44. Ba3 Bf8 45. Rd3 Bxa3 46. Rxa3
a5 47. Kc3 Rc5+ 48. Kd3 f5 49. gxf5 gxf5 50. Ke3 Kd6 51. Kf4 Kc6 52. Re3 a4 53.
Re6+ Kb5 54. Rxh6 a3 55. Rh8 a2 56. Ra8 Rc4+ 57. Kxf5 Ra4 58. Rb8+ Kc6 59. Rc8+
Kd7 60. Rc1 a1=Q 61. Rxa1 Rxa1 62. h4 Ke7 63. Kg6 Kf8 64. h5 Kg8 0-1

[Event "Lynskak DM 2023"]
[Site "Hvidovre"]
[Date "2023.05.14"]
[Round "3.1"]
[White "Lauridsen, Jesper Morch"]
[Black "Thybo, Jesper Sondergaard"]
[Result "1/2-1/2"]
[WhiteElo "2309"]
[BlackElo "2509"]
[PlyCount "122"]
[EventDate "2023.05.14"]
[EventType "swiss"]
[EventRounds "13"]
[EventCountry "DEN"]
[SourceTitle "Live v. Kasper Jerwiarz"]

1. e4 e5 2. Nf3 Nc6 3. d4 exd4 4. Bc4 Nf6 5. O-O Nxe4 6. Re1 d5 7. Nc3 dxc4 8.
Rxe4+ Be7 9. Nxd4 f5 10. Rf4 O-O 11. Nxc6 Qxd1+ 12. Nxd1 bxc6 13. Rxc4 c5 14.
Bf4 Be6 15. Rc3 Bd6 16. g3 Rfd8 17. Ne3 Rab8 18. Rd1 Rxb2 19. Rxc5 Rxa2 20.
Nxf5 Bxf5 21. Rxf5 Rxc2 22. Ra5 Rf8 23. Be3 Ra8 24. Rxa7 Rxa7 25. Bxa7 Kf7 26.
Kg2 Ke6 27. Bd4 g6 28. Kf3 c5 29. Be3 c4 30. Ke4 Be5 31. f4 Bb2 32. g4 Rxh2 33.
f5+ gxf5+ 34. gxf5+ Kf7 35. Rd7+ Kf6 36. Rd6+ Ke7 37. Rb6 c3 38. Re6+ Kd7 39.
Rd6+ Kxd6 40. Bf4+ Ke7 41. Bxh2 c2 42. Bf4 h5 43. Kd3 c1=Q 44. Bxc1 Bxc1 45.
Ke2 Kf6 46. Kf3 Bb2 47. Kg2 Kg5 48. Kh1 Bf6 49. Kg2 Kg4 50. Kh1 h4 51. Kg2 h3+
52. Kh1 Kg3 53. Kg1 Kf3 54. Kh1 Kg4 55. Kh2 Kh4 56. Kh1 Kg3 57. Kg1 Bd4+ 58.
Kh1 Bg7 59. f6 Bxf6 60. Kg1 Be5 61. Kh1 h2 1/2-1/2

[Event "Lynskak DM 2023"]
[Site "Hvidovre"]
[Date "2023.05.14"]
[Round "3.2"]
[White "Larsen, Karsten"]
[Black "Fedder, Steen"]
[Result "1-0"]
[WhiteElo "2208"]
[BlackElo "2380"]
[PlyCount "65"]
[EventDate "2023.05.14"]
[EventType "swiss"]
[EventRounds "13"]
[EventCountry "DEN"]
[SourceTitle "Live v. Kasper Jerwiarz"]

1. e4 e5 2. Nf3 Nc6 3. Bb5 Nf6 4. Qe2 d6 5. c3 Bd7 6. d4 a6 7. Ba4 b5 8. Bb3
Be7 9. O-O O-O 10. dxe5 dxe5 11. Rd1 Qe8 12. Bg5 h6 13. Bh4 Be6 14. Nbd2 g5 15.
Bg3 Bd6 16. Nf1 Bxb3 17. axb3 Qe6 18. b4 Ne7 19. Qc2 Nh5 20. Ne3 Nxg3 21. hxg3
f5 22. exf5 Nxf5 23. Nxf5 Qxf5 24. Qxf5 Rxf5 25. Nd2 Kf7 26. Ne4 Ke6 27. Rd3
Rff8 28. Kf1 g4 29. Ke2 h5 30. Rdd1 Rf5 31. Ra5 Be7 32. Rda1 Kd5 33. Kd3 1-0

[Event "Lynskak DM 2023"]
[Site "Hvidovre"]
[Date "2023.05.14"]
[Round "3.3"]
[White "Meskenas, Paulius"]
[Black "Boe, Mads"]
[Result "1/2-1/2"]
[WhiteElo "2159"]
[BlackElo "2283"]
[PlyCount "111"]
[EventDate "2023.05.14"]
[EventType "swiss"]
[EventRounds "13"]
[EventCountry "DEN"]
[SourceTitle "Live v. Kasper Jerwiarz"]

1. e4 c6 2. d4 d5 3. Nc3 dxe4 4. Nxe4 Bf5 5. Ng3 Bg6 6. Nf3 Nf6 7. c4 e6 8. Be2
Bd6 9. O-O O-O 10. Re1 Nbd7 11. Bd3 Qc7 12. Nf1 c5 13. dxc5 Nxc5 14. Bxg6 hxg6
15. b3 Rfd8 16. Qc2 a6 17. Be3 Rac8 18. Rad1 Ncd7 19. N1d2 Bc5 20. Bg5 Be7 21.
Bh4 Nc5 22. Bg3 Qb6 23. Ne5 Bd6 24. Ndf3 Be7 25. h3 a5 26. Nd4 a4 27. Nb5 axb3
28. axb3 Na6 29. Rxd8+ Rxd8 30. Rd1 Nb4 31. Rxd8+ Qxd8 32. Qc1 Ne4 33. Qe3 Nxg3
34. Qxg3 Bf6 35. Ng4 Nd3 36. Qd6 Qxd6 37. Nxd6 b6 38. Nxf6+ gxf6 39. Nc8 Nc5
40. b4 Nd7 41. Nd6 Kf8 42. Ne4 Ke7 43. Kf1 f5 44. Nc3 Kd6 45. Ke2 Kc6 46. Kd3
Ne5+ 47. Kd4 Nd7 48. Nb5 e5+ 49. Kc3 Nf6 50. Na7+ Kb7 51. Nb5 Kc6 52. f3 Nh5
53. Na7+ Kb7 54. Nb5 Kc6 55. Na7+ Kb7 56. Nb5 1/2-1/2